000 00633nam a2200229Ia 4500
003 OSt
005 20220928114729.0
006 a|||||r|||| 00| 0
007 ta
008 220927b |||||||| |||| 00| 0 eng d
024 _a57635
037 _cTextual
040 _aSDCL
_cSDCL
_beng
041 _2eng
_aeng
082 _aY7(Q7):1.44Q71'N7, M0
100 _aKarim A K Nazmul
_9440610
245 0 _aDynamics of Bangladesh society.
260 _aNew Delhi
_bVikas Publlishing
_c1980
300 _ax,242p
_ccm.
942 _hY7(Q7):1.44Q71'N7, M0
_cTEXL
_2CC
999 _c756170
_d756170